000 00621nam a22001937a 4500
999 _c186831
_d186831
005 20220321114155.0
010 _aENG-132032
020 _a9789354552748
_c1650.00
035 _aEN-115564
037 _bDBAD
082 _a303.61
245 _aGandhi and The World:
_cEdited by Nutan Kappor Mahawar and Dhrubajyogi Bhattacharjee
260 _aChennai
_bMacmilla Publishers India Private ltd.
_c2022
270 _a21, Patullos Road
_bChennai
_e600002
300 _a342p
_bIndex
_c24cm(hbk)
700 _aMahawar, Nutan Kapoor
700 _aBhattacharjee, Dhrubajyoti
942 _2ddc
_cEN
_h303.61
_mGAN